000 00326nam a22001337a 4500
003 OSt
020 _a9788196680152
100 _aGOEL, Rahul
245 _aKnowledge Petals 8 : Chemistry in Everyday Life
260 _aNew Delhi,
_bNaples India:
_c2024.
300 _a370p.
650 _aFaculty Publication
942 _2ddc
_cBK
999 _c13150
_d13150